000 00889nam0a22002531 4500
001 v19\rc\2026019
005 20260407122002.0
035 _a(NLR Aleph) 005106017
090 _a7442490
_c7442490
100 _a20080925d1916 u y0rusy50 ca
101 0 _arus
102 _aRU
105 _aa z |||||
200 1 _aУстав полевой службы
_eВыс. утв. 27 апр. 1912 г. [с изм., объявл. в приказах по воен. вед., по 1 дек. 1915 г.]
210 _aМосква
_cкн. маг. "Юрист"
_d1916
215 _a182 с.
_cил.
_d16
740 1 _aРоссия
_tВоенные уставы и наставления
_3RU\NLR\AUTH\889957977
_9412039
801 0 _aRU
_bNLR
_gpsbo
801 0 _aRU
_bRuMoRGB
_2psbo
801 1 _aRU
_bProSoft-M
_2rusmarc
852 _aNLR
_j37.77.7.32
899 _aRuMoRGB
_jV 218/557
942 _cBOOK
980 _aNB